Normal view
MARC view
- ميكانيا الكم -الكيمياء الكمية
Entry Topical Term
001 - CONTROL NUMBER
- control field: 40458
003 - CONTROL NUMBER IDENTIFIER
- control field: JO-AjAnu
005 - DATE AND TIME OF LATEST TRANSACTION
- control field: 20230606080723.0
008 - FIXED-LENGTH DATA ELEMENTS
- fixed length control field: 230606|| aca||aabn | a|a d
040 ## - CATALOGING SOURCE
- Original cataloging agency: JO-AjAnu
- Transcribing agency: JO-AjAnu
150 ## - HEADING--TOPICAL TERM
- Topical term or geographic name entry element: ميكانيا الكم -الكيمياء الكمية
670 ## - SOURCE DATA FOUND
- Source citation: Work cat.: (JO-AjAnu)20739: نيك ، د,ف؛ ترجمة احمد عيد السلام, author 40457, ميكانيكا الكم